[Event "Krefeld op"]
[Site "Krefeld"]
[Date "2022.08.07"]
[Round "6"]
[White "Ehlen, Jan"]
[Black "Wibmer, Michael"]
[Result "0-1"]
[WhiteElo "1608"]
[BlackElo "1674"]
[PlyCount "128"]
[EventDate "2022.08.04"]
[EventType "swiss"]
[EventRounds "9"]
[EventCountry "GER"]
[SourceTitle "CBM 209 Extra"]
[Source "ChessBase"]
[SourceDate "2022.09.30"]
[SourceVersion "1"]
[SourceVersionDate "2022.09.30"]
[SourceQuality "1"]

1. e4 c5 2. Nf3 d6 3. d4 cxd4 4. Nxd4 Nf6 5. Nc3 a6 6. f4 g6 7. h3 Bg7 8. Be3 b5 9. Bd3 Bb7 10. a3 Nbd7 11. 0-0 0-0 12. f5 d5 13. fxg6 hxg6 14. exd5 Nxd5 15. Nxd5 Bxd5 16. Qd2 Rc8 17. c3 Ne5 18. Be2 Nc4 19. Bxc4 Bxc4 20. Rf2 e5 21. Nf3 Qxd2 22. Rxd2 Bb3 23. Rd6 Ra8 24. Nd2 Bc2 25. Rc1 Bf5 26. Ra1 Rfd8 27. Rxd8+ Rxd8 28. a4 Bd3 29. axb5 axb5 30. Ra7 f5 31. Rc7 f4 32. Bb6 Rd6 33. Bc5 Re6 34. g3 fxg3 35. Kg2 e4 36. Be3 Re8 37. Rc6 g5 38. Kxg3 Be5+ 39. Kg4 b4 40. cxb4 Bxb2 41. Kxg5 Kf7 42. Nxe4 Bxe4 43. Rc7+ Ke6 44. Ra7 Bg2 45. Bc5 Rg8+ 46. Kh6 Rh8+ 47. Kg5 Bc1+ 48. Kg4 Rg8+ 49. Kh4 Bg5+ 50. Kg3 Bd2+ 51. Kf2 Bxh3 52. Re7+ Kf5 53. Ke2 Rg2+ 54. Kd3 Bg5 55. Ra7 Ke5 56. Kc4 Rc2+ 57. Kb5 Bf1+ 58. Kc6 Bg2+ 59. Kb5 Bd5 60. Ka5 Bc6 61. Kb6 Kd5 62. Rh7 Bd8+ 63. Ka7 Ra2+ 64. Kb8 Ra8# 0-1

[Event "Main Vogelsberg op 15th"]
[Site "Waechtersbach"]
[Date "2021.10.03"]
[Round "5.20"]
[White "Wibmer, Michael"]
[Black "Johannes, Manuel"]
[Result "1-0"]
[WhiteElo "1698"]
[BlackElo "1339"]
[PlyCount "71"]
[EventDate "2021.10.01"]
[EventType "swiss"]
[EventRounds "5"]
[EventCountry "GER"]
[SourceTitle "EXT 2023"]
[Source "ChessBase"]
[SourceDate "2022.10.05"]
[SourceVersion "1"]
[SourceVersionDate "2022.10.05"]
[SourceQuality "1"]

1. e4 e6 2. d4 b6 3. Nf3 Bb7 4. Bd3 d5 5. e5 c5 6. c3 Ne7 7. 0-0 Nec6 8. Re1 Ba6 9. Bc2 Be7 10. Nbd2 cxd4 11. cxd4 0-0 12. Nf1 Qc7 13. Bg5 h6 14. Be3 Rc8 15. Rc1 Qd7 16. a3 Na5 17. N3d2 Nbc6 18. Qg4 Kf8 19. Bh7 g5 20. h4 Kg7 21. Bb1 Rg8 22. hxg5 hxg5 23. Nf3 Kf8 24. Nxg5 Ke8 25. Qh5 Bxg5 26. Bxg5 Bxf1 27. Kxf1 Nxd4 28. Bh7 Qb5+ 29. Kg1 Rxg5 30. Qxg5 Kd7 31. Qf6 Nc4 32. Qxf7+ Kc6 33. Bd3 Qxb2 34. Bxc4 dxc4 35. Rxc4+ Kb5 36. Rb4+ 1-0

[Event "DSOL 07 Liga Gr-D 1st"]
[Site "Playchess.com INT"]
[Date "2020.06.26"]
[Round "1.2"]
[White "Lox, Nils Norman"]
[Black "Wibmer, Michael"]
[Result "1-0"]
[WhiteElo "1428"]
[BlackElo "1432"]
[PlyCount "53"]
[EventDate "2020.06.22"]
[EventType "team-tourn (rapid)"]
[EventCountry "GER"]
[SourceTitle "EXT 2021"]
[Source "ChessBase"]
[SourceDate "2020.10.23"]
[SourceVersion "1"]
[SourceVersionDate "2020.10.23"]
[SourceQuality "1"]
[WhiteTeam "Barnim"]
[BlackTeam "Kelheim III"]
[WhiteTeamCountry "GER"]
[BlackTeamCountry "GER"]

1. d4 d5 2. Nf3 Nf6 3. e3 e6 4. Bd3 c5 5. c3 Nc6 6. Nbd2 Bd6 7. 0-0 0-0 8. Qe2 Re8 9. dxc5 Bxc5 10. e4 dxe4 11. Nxe4 Nxe4 12. Qxe4 g6 13. Bh6 Bf8 14. Bxf8 Rxf8 15. Rad1 Qe7 16. Rfe1 Bd7 17. Bc4 Rfd8 18. Qf4 Kg7 19. Ng5 Rac8 20. Rd3 h6 21. Ne4 Na5 22. Qe5+ f6 23. Qxa5 Rxc4 24. Nd6 Ra4 25. Qc7 Ra6 26. Nxb7 Rc6 27. Qxd8 1-0